000
00328nam a22001457a 4500
008
230206b ||||| |||| 00| 0 eng d
020
_a
9780321878052
041
_a
eng
080
_2
ELEVENTH EDITION
_a
51
082
_a
51GOL
100
_a
20
101
_a
MATEM
245
_a
FINITE MATHEMATICS
_c
GOLDSTEIN
942
_2
udc
_c
BK
999
_c
59315
_d
59315